ES-ESVO. Vzájemné vztahy.

Vznik a charakteristika ES a EZVO. Závislosť terajších krajín EZVO na trhoch ES. Na druhej strane sú krajiny EZVO najväčším odberateľom ES. Údaje o vzájomnom obchode ES a EZVO v r. 1960-1988. Zriaďovanie oblasti voľného obchodu medzi ES a štátmi EZVO. Proces vytvárania homogénneho európskeho ekonomi...

Descripción completa

Guardado en:
Detalles Bibliográficos
Autor principal: Tíkal, S.
Formato: Capítulo de libro
Lenguaje:checo
Materias:
Etiquetas: Agregar Etiqueta
Sin Etiquetas, Sea el primero en etiquetar este registro!

MARC

LEADER 00000naa a2200000 4500
001 r003083
005 20220819180749.2
041 0 |a cze 
044 |a [CS] 
245 1 0 |a ES-ESVO. Vzájemné vztahy.  |c S. Tíkal 
520 |a Vznik a charakteristika ES a EZVO. Závislosť terajších krajín EZVO na trhoch ES. Na druhej strane sú krajiny EZVO najväčším odberateľom ES. Údaje o vzájomnom obchode ES a EZVO v r. 1960-1988. Zriaďovanie oblasti voľného obchodu medzi ES a štátmi EZVO. Proces vytvárania homogénneho európskeho ekonomického priestoru. 
610 2 0 |a Európske spoločenstvá 
610 2 0 |a EZVO 
610 2 0 |a obchod zahraničný 
610 2 0 |a 1960-1988 
610 2 0 |a údaje štatistické 
610 2 0 |a oblasti obchodu voľného 
100 1 |a Tíkal, S.